Kvalita vzdelávania a jej vplyv na pracovný výkon zamestnancov bakalárska práca

Saved in:
Bibliographic Details
Main Author: Matisová, Lenka
Corporate Author: Podnikovohospodárska fakulta EU so sídlom v Košiciach. Katedra manažmentu
Other Authors: Šušňáková, Viktória
Format: Book
Language:Slovak
Published: Košice 2013
Tags: Add Tag
No Tags, Be the first to tag this record!

MARC

LEADER 00000nbm a2200000 4500
001 0172281
005 20161109112041.1
041 0 |a slo 
044 |a SK 
245 1 0 |a Kvalita vzdelávania a jej vplyv na pracovný výkon zamestnancov  |b bakalárska práca  |c Lenka Matisová ; školiteľ: Viktória Šušňáková 
264 1 |a Košice  |c 2013 
300 |a 60 s. 
100 1 |a Matisová, Lenka 
700 1 |a Šušňáková, Viktória 
710 2 |a Podnikovohospodárska fakulta EU so sídlom v Košiciach. Katedra manažmentu